000
00291nam a22001337a 4500
008
170911b xxu||||| |||| 00| 0 eng d
020
_a
9780030035623
041
_a
eng
080
_2
4 ED
_a
53
100
_a
43
101
_a
FIZ
245
_a
COLLEGE P HYSICS
_c
FAUGHN.S
942
_2
udc
_c
BK
999
_c
27219
_d
27219